Inseguridad, víctimas y victimarios: Argentina 2001-2007

Сохранить в:
Библиографические подробности
Главный автор: Elbert, Carlos Alberto (Автор)
Формат:
Язык:испанский
Опубликовано: Montevideo B de F 2007
Серии:Colección Memoria Criminológica
Предметы:
Метки: Добавить метку
Нет меток, Требуется 1-ая метка записи!

MARC

LEADER 00000nam a2200000 a 4500
001 UCG4677
003 CL-VaPUC
008 101118e20070000UY |||||||||||||||||spa|d
020 |a 9789974578876 
082 0 4 |a 364.2  |b ELB  |2 21 
100 0 |a Elbert, Carlos Alberto  |e author  |9 554098 
245 1 0 |a Inseguridad, víctimas y victimarios: Argentina 2001-2007 
300 |a 374 p 
942 |c BK 
945 |d 20101118 00:00:00  |a mfarfan 
260 |a Montevideo  |b B de F  |c 2007 
650 0 |a Delitos  |9 224143 
650 0 |a Víctimas  |9 381468 
650 0 |a Victimarios  |9 554099 
650 7 |a SECUESTROS  |2 CL-VaPUC  |9 446152 
650 7 |a INSEGURIDAD  |2 CL-VaPUC  |9 358558 
650 0 |a Derechos humanos  |9 223025 
583 |a last modification  |c 20101118 00:00:00  |k Rodrigo Vera 
490 0 |a Colección Memoria Criminológica 
999 |c 343345  |d 343343 
952 |0 0  |1 0  |4 0  |6 364_200000000000000_ELB_2007  |7 0  |8 A  |9 440585  |a BIBDER  |b BIBDER  |d 2019-11-22  |i 4735684  |o 364.2 ELB 2007  |p 4735684  |r 2023-01-25  |w 2019-11-22  |y BK  |k DER